[Event "Ivanovo Region-ch"]
[Site "Ivanovo"]
[Date "2010.12.10"]
[Round "1.5"]
[White "Arsenin, Maxim"]
[Black "Korolev, Alexey"]
[Result "1/2-1/2"]
[WhiteElo "2142"]
[BlackElo "2111"]
[PlyCount "24"]
[EventDate "2010.12.10"]
[EventType "tourn"]
[EventRounds "9"]
[EventCountry "RUS"]
[SourceTitle "EXT 2022"]
[Source "ChessBase"]
[SourceDate "2021.10.06"]
[SourceVersion "1"]
[SourceVersionDate "2021.10.06"]
[SourceQuality "1"]

1. c4 Nf6 2. Nc3 g6 3. g3 Bg7 4. Bg2 c5 5. Nf3 0-0 6. 0-0 Nc6 7. d4 cxd4 8. Nxd4 d6 9. Nc2 Be6 10. b3 Qd7 11. Re1 Rfd8 12. e4 Rac8 1/2-1/2

[Event "Kostroma Volga Cup op"]
[Site "Kostroma"]
[Date "2009.07.??"]
[Round "3"]
[White "Tereshechkina, Maya"]
[Black "Korolev, Alexey"]
[Result "0-1"]
[WhiteElo "1952"]
[BlackElo "2114"]
[PlyCount "70"]
[EventDate "2009.07.03"]
[EventType "swiss"]
[EventRounds "9"]
[EventCountry "RUS"]
[SourceTitle "EXT 2021"]
[Source "ChessBase"]
[SourceDate "2020.10.23"]
[SourceVersion "1"]
[SourceVersionDate "2020.10.23"]
[SourceQuality "1"]

1. d4 Nf6 2. Bg5 Ne4 3. Bf4 d5 4. c4 c6 5. f3 e5 6. fxe4 exf4 7. g3 dxe4 8. Nc3 f5 9. gxf4 Qh4+ 10. Kd2 Qxf4+ 11. e3 Qc7 12. Nge2 Be7 13. Nf4 Bf6 14. Nh5 0-0 15. Bh3 f4 16. Nxf6+ Rxf6 17. Bxc8 fxe3+ 18. Kc1 Qxc8 19. Nxe4 Rf4 20. Ng3 c5 21. Ne2 Rh4 22. Qe1 Re4 23. Nc3 Re8 24. d5 Nd7 25. Nb5 Ne5 26. Qxe3 Nxc4 27. Qf4 Ne5 28. Kc2 Ng6 29. Qc4 Qf5+ 30. Kc1 Re4 31. Qc2 Rae8 32. Rd1 Qf4+ 33. Kb1 Re2 34. Qd3 c4 35. Qc3 R8e3 0-1

[Event "Dimitrovgrad-ch"]
[Site "Dimitrovgrad"]
[Date "2009.??.??"]
[Round "2"]
[White "Tikhomirov, Sergei"]
[Black "Korolev, Alexey"]
[Result "1-0"]
[WhiteElo "2365"]
[BlackElo "2110"]
[PlyCount "121"]
[EventDate "2009.08.??"]
[EventType "swiss"]
[EventRounds "9"]
[EventCountry "RUS"]
[SourceTitle "EXT 2012"]
[Source "ChessBase"]
[SourceDate "2011.11.24"]
[SourceVersion "1"]
[SourceVersionDate "2011.11.24"]
[SourceQuality "1"]

1. c4 c5 2. Nf3 Nf6 3. g3 g6 4. Bg2 Bg7 5. 0-0 0-0 6. Nc3 Nc6 7. d4 cxd4 8. Nxd4 d6 9. Nc2 Be6 10. b3 Qd7 11. Bb2 Bh3 12. Ne3 Rfd8 13. Qd2 Bxg2 14. Kxg2 Rac8 15. Rad1 Ne5 16. h3 Qc6+ 17. Kh2 Ned7 18. Ned5 Re8 19. e4 a6 20. Qe2 Nb6 21. Rfe1 Nbxd5 22. exd5 Qc5 23. Na4 Qc7 24. Rc1 Nd7 25. Bxg7 Kxg7 26. Rc3 Nc5 27. Nb2 e5 28. dxe6 Rxe6 29. Re3 Rce8 30. Qd2 Rxe3 31. Rxe3 Rxe3 32. Qxe3 Qc6 33. Qd4+ Kg8 34. Nd1 Qf3 35. Qg4 Qd3 36. Ne3 Qd2 37. Qf3 Nd3 38. Ng4 f5 39. Qd5+ Kg7 40. Qxb7+ Kf8 41. Qb8+ Ke7 42. Qa7+ Ke6 43. Qe3+ Qxe3 44. Nxe3 Nc1 45. Nd5 Nxa2 46. Nc7+ Ke5 47. Nxa6 Kd4 48. Nc7 Nc1 49. Ne8 Nxb3 50. Nxd6 Nd2 51. Kg2 Nxc4 52. Nxc4 Kxc4 53. Kf3 g5 54. g4 f4 55. Ke4 h6 56. h4 Kc3 57. hxg5 hxg5 58. Kf5 Kd2 59. Kxg5 f3 60. Kf4 Ke2 61. Kg3 1-0

[Event "St Petersburg White Nights op"]
[Site "St Petersburg"]
[Date "2007.06.28"]
[Round "4"]
[White "Korolev, Alexey"]
[Black "Dodonov, Vladimir"]
[Result "0-1"]
[WhiteElo "2087"]
[BlackElo "1909"]
[PlyCount "86"]
[EventDate "2007.06.25"]
[EventType "swiss"]
[EventRounds "9"]
[EventCountry "RUS"]
[SourceTitle "CBM 119 Extra"]
[Source "ChessBase"]
[SourceDate "2007.09.04"]
[SourceVersion "1"]
[SourceVersionDate "2007.09.04"]
[SourceQuality "1"]

1. e4 c5 2. Nc3 g6 3. f4 Bg7 4. Nf3 Nc6 5. Bc4 e6 6. d3 Nge7 7. 0-0 a6 8. a4 0-0 9. Qe1 Nd4 10. Qf2 Nec6 11. e5 d5 12. exd6 Qxd6 13. Ne4 Qe7 14. c3 Nxf3+ 15. Qxf3 Rb8 16. a5 f5 17. Ng5 h6 18. Nh3 Re8 19. Be3 Bf8 20. Rfe1 Qc7 21. Ba2 Nxa5 22. Re2 b5 23. Rae1 c4 24. d4 Bb7 25. Qg3 Kf7 26. Kh1 Bd5 27. Ng1 Bd6 28. Nf3 Rg8 29. Ne5+ Bxe5 30. dxe5 Qe7 31. Qf2 Nb7 32. Rd1 g5 33. fxg5 Rbd8 34. h4 Bxg2+ 35. Kxg2 Rxd1 36. b3 hxg5 37. Bxg5 Rxg5+ 38. hxg5 Qxg5+ 39. Kh2 Qh5+ 40. Kg2 Qh1+ 41. Kg3 Rg1+ 42. Kf4 Qh6+ 43. Kf3 Qh3+ 0-1

[Event "St Petersburg White Nights op"]
[Site "St Petersburg"]
[Date "2007.06.27"]
[Round "3"]
[White "Melnikov, Dmitry"]
[Black "Korolev, Alexey"]
[Result "1-0"]
[WhiteElo "2315"]
[BlackElo "2087"]
[PlyCount "105"]
[EventDate "2007.06.25"]
[EventType "swiss"]
[EventRounds "9"]
[EventCountry "RUS"]
[SourceTitle "CBM 119 Extra"]
[Source "ChessBase"]
[SourceDate "2007.09.04"]
[SourceVersion "1"]
[SourceVersionDate "2007.09.04"]
[SourceQuality "1"]

1. e4 d5 2. exd5 Nf6 3. d4 Nxd5 4. Nf3 e6 5. g3 Be7 6. Bg2 0-0 7. 0-0 Nd7 8. c4 N5b6 9. Qe2 c6 10. Bf4 Re8 11. Nc3 Nf6 12. a3 a5 13. Rad1 Bf8 14. Ne5 Nfd7 15. h4 f6 16. Nf3 Qe7 17. Rfe1 Nb8 18. Ne4 Qf7 19. Bd6 Na6 20. Bh3 Bd7 21. c5 Nc8 22. Neg5 fxg5 23. Ne5 Nxd6 24. cxd6 Qf6 25. Nxd7 Qd8 26. Bxe6+ Kh8 27. Nxf8 Rxf8 28. hxg5 Qxd6 29. Qe5 Qxe5 30. dxe5 Rfe8 31. Bf7 Re7 32. g6 Nc7 33. Kg2 Ne6 34. Bxe6 Rxe6 35. gxh7 Rae8 36. f4 Kxh7 37. Rd7 R8e7 38. Red1 Kg6 39. Kf3 Kf7 40. R1d6 Rxd6 41. Rxd6 Rc7 42. Ke4 a4 43. f5 b5 44. g4 c5 45. g5 b4 46. g6+ Ke7 47. f6+ gxf6 48. exf6+ Kxd6 49. g7 Rf7 50. g8Q Rxf6 51. Qb8+ Ke7 52. axb4 cxb4 53. Qxb4+ 1-0

[Event "St Petersburg White Nights op"]
[Site "St Petersburg"]
[Date "2007.06.26"]
[Round "2"]
[White "Korolev, Alexey"]
[Black "Glazov, Anatoly"]
[Result "1-0"]
[WhiteElo "2087"]
[BlackElo "1940"]
[PlyCount "61"]
[EventDate "2007.06.25"]
[EventType "swiss"]
[EventRounds "9"]
[EventCountry "RUS"]
[SourceTitle "CBM 119 Extra"]
[Source "ChessBase"]
[SourceDate "2007.09.04"]
[SourceVersion "1"]
[SourceVersionDate "2007.09.04"]
[SourceQuality "1"]

1. e4 c5 2. Nc3 e6 3. Nf3 d5 4. exd5 exd5 5. d4 Nf6 6. Bg5 Be6 7. Bb5+ Nc6 8. dxc5 Bxc5 9. 0-0 Be7 10. Nd4 Bd7 11. Re1 0-0 12. a3 Re8 13. Qd3 h6 14. Bh4 Qb6 15. Nf5 Bxf5 16. Qxf5 Nd4 17. Qd3 Nxb5 18. Nxb5 Ne4 19. Bg3 Bc5 20. Rf1 Nxg3 21. hxg3 Rad8 22. Nc3 Qc6 23. Rad1 Re5 24. Rd2 a6 25. Ne2 b5 26. c3 Qe6 27. Nd4 Qf6 28. Qf3 Qg6 29. Rfd1 Rde8 30. Ne2 Rf5 31. Nf4 1-0